Deutsche Songs nach ersten Zeilen - Statistiken

Allgemein
  • Dieses Quiz wurde 4.856 mal gespielt
    4.224 seit der letzten Aktualisierung
  • Das Durchschnittsergebnis liegt bei 11 aus 30
Antwortstatistiken
Textquiz Song % Korrekt
Ich heb ab, nichts hält mich am Boden Astronaut
80%
Wir ziehen durch die Straßen und die Clubs dieser Stadt, das ist unsre' Nacht, wie für uns beide gemacht Oho, oho Atemlos durch die Nacht
77%
Wenn früh am morgen die Werksirene dröhnt Bruttosozialprodukt
61%
In München steht ein Hofbräuhaus, doch Freudenhäuser müssen 'raus Skandal im Sperrbezirk
60%
Ich schreibe einen Hit, die ganze Nation kennt ihn schon Alles nur geklaut
59%
Ich wart' seit Wochen, auf diesen Tag Tage wie diese
59%
Mit jeder Welle kam ein Traum, Träume gehen vorüber Die perfekte Welle
58%
Im Sturz durch Raum und Zeit, Richtung Unendlichkeit Irgendwie Irgendwo Irgendwann
55%
Weine nicht, wenn der Regen fällt, dam-dam, dam-dam Es gibt einen, der zu dir hält, dam-dam, dam-dam Marmor, Stein und Eisen bricht
55%
Hallo Thomas (Hallo, alles klar?) | Klar, es ist schon wieder Freitag, es ist wieder diese Bar Die Da ?!
52%
Es war schon dunkel, als ich durch Vorstadtstraßen heimwärts ging Griechischer Wein
52%
In diesem Haus, wo ich wohn Ist alles so gewohnt, so zum Kotzen vertraut Au Revoir
48%
Ich ziehe durch die Straßen bis nach Mitternacht, ich hab das früher auch gern gemacht, dich brauch ich - dafür nicht Verdammt ich lieb dich
48%
Hallo, mein Schatz, ich liebe dich, du bist die Einzige für mich Ein Schwein namens Männer (Männer sind Schweine)
45%
30 Grad, Ich kühl' mein' Kopf am Fensterglas, such den Zeitlupenknopf Lila Wolken
42%
Yeah, Baby nimm' meine Hand, ich hab alles schon gepackt, komm wir beide gehen weg von hier Traum
38%
Ich habe einen Schatz gefunden und er trägt deinen Namen Das Beste
30%
Es tut mir leid, doch ich muss leider gestehen, es gibt Dinge auf der Welt, die sind... Leider geil
30%
Manchmal fühl' ich mich hier falsch, wie ein Segelschiff im All Lieblingsmensch
30%
Ich will mich nicht verändern, um dir zu imponieren Ohne Dich (Schlaf ich heut Nacht nicht ein)
28%
Es ist 1996, meine Freundin ist weg und bräunt sich, in der Südsee Jein
22%
Ich sehe, was du denkst, ich denke, was du fühlst Nur ein Wort
22%
Du ziehst nervös an deiner Zigarette, du hast das Rauchen wieder angefangen Du trägst keine Liebe in dir
16%
Von dir keine Spur, die Wohnung ist leer, und mein Herz wie Blei so schwer Wahnsinn
16%
Sommerabend über blühendem Land, schon seit Mittag stand ich am Straßenrand Ein Bett im Kornfeld
15%
Der triste Himmel macht mich krank, ein schweres graues Tuch Abenteuerland
13%
Sah ein Mädchen ein Röslein steh'n, blühte dort in lichten Höh'n Rosenrot
10%
Gehör' ich hier denn noch dazu, oder bin ich längst schon draußen? Ich bin ich (Wir sind wir)
8%
Es war zu jener Zeit, wir hatten wieder mal Streit, da standst du an der Tür, wolltest zurück zu mir Flugzeuge im Bauch
7%
Wir kannten uns seit Jahren, sind zusammen abgefahren, uns gehörte die Welt, und dafür brauchten wir kein Geld Warum (Für Melanie)
4%
Keine übereinstimmenden Quizze gefunden
Verteilung der Resultate
Anzahl Personen mit jedem Resultat
Perzentil nach korrekt beantworteten Fragen
Ihre Resultats-Entwicklung
Sie haben dieses Quiz seit der letzten Aktualisierung nicht gespielt